000
00291nam a2200121Ia 4500
008
220204s9999 xx 000 0 und d
082
_a
028.2875
_b
STO
100
_a
Graham, W A G
245
0
_a
Inorganic polymers
260
_a
London
_b
Academic
_c
1962
700
_a
Stone, F G A
942
_c
BK
999
_c
21832
_d
21832